[Event "Weekend Vitinia"]
[Site "Roma ITA"]
[Date "1996.11.??"]
[Round "?"]
[White "Abuhamdieh, Arafat"]
[Black "Fanciulli, Gianluca"]
[Result "0-1"]
[WhiteElo "1420"]
[BlackElo "1564"]
[PlyCount "110"]
[EventDate "1996.11.17"]

1. e4 c6 2. d4 d5 3. exd5 cxd5 4. Nf3 e6 5. Bd3 Nc6 6. a3 Nf6 7. O-O Be7 8. Bg5
h6 9. Bh4 Nd7 10. Bg3 Qb6 11. Nc3 a6 12. Na4 Qd8 13. b4 b6 14. Re1 O-O 15. Nb2
Nf6 16. h3 Bd6 17. Bxd6 Qxd6 18. c3 a5 19. b5 Ne7 20. Ne5 Bb7 21. Bc2 Rac8 22.
Re3 Rc7 23. Rg3 Nf5 24. Bxf5 exf5 25. Rf3 Bc8 26. Nc6 Bd7 27. c4 Bxc6 28. bxc6
dxc4 29. Nxc4 Qxc6 30. Ne5 Qc2 31. Qxc2 Rxc2 32. Rxf5 Rd8 33. Rf4 b5 34. Rb1
Rd5 35. Kh2 Rc3 36. Rf3 Rxf3 37. Nxf3 Ne4 38. Kg1 f6 39. Kf1 Kf7 40. Ke2 Nc3+
41. Ke3 Nxb1 42. Ke4 Ke6 43. Nh4 f5+ 44. Kd3 Nxa3 45. Kc3 b4+ 46. Kd3 b3 47.
Kc3 a4 48. Ng6 Rd8 49. Nf4+ Kd6 50. Ne2 Nc2 51. Kb2 Rb8 52. Nc3 a3+ 53. Kc1
Nxd4 54. f4 Rc8 55. Kd2 a2 0-1

[Event "Weekend Vitinia"]
[Site "Roma ITA"]
[Date "1996.11.??"]
[Round "?"]
[White "Abuhamdieh, Arafat"]
[Black "Gardon, Ermanno"]
[Result "0-1"]
[WhiteElo "1420"]
[BlackElo "1683"]
[PlyCount "90"]
[EventDate "1996.11.17"]

1. d4 d5 2. c4 c6 3. e3 e6 4. cxd5 cxd5 5. Bd3 Bd6 6. Nf3 Nc6 7. a3 Nf6 8. O-O
O-O 9. Qc2 Bd7 10. Nc3 Rc8 11. Qe2 Na5 12. Bc2 Nc4 13. Qd3 g6 14. b3 Nb6 15.
Bb2 Qc7 16. Rfc1 Bc6 17. Nb5 Bxb5 18. Qxb5 Qd7 19. Qe2 Rc7 20. Bd3 Rfc8 21.
Rxc7 Rxc7 22. Nd2 Be7 23. f4 Nc8 24. g4 Nd6 25. Qg2 a5 26. Nf3 Nfe4 27. Ne5 Qc8
28. g5 Bf8 29. h4 Nf5 30. Qh3 Neg3 31. Re1 Nh5 32. Qg4 Nhg7 33. Re2 Bd6 34. e4
dxe4 35. Bxe4 Ne7 36. Nc4 Ngf5 37. Nxd6 Nxd6 38. Bd3 Nd5 39. Kf2 Nf5 40. Bc4
Qd7 41. Ba1 a4 42. b4 Rxc4 43. Re4 Nc3 44. Bxc3 Rxc3 45. Re5 Qxd4+ 0-1

[Event "Weekend Vitinia"]
[Site "Roma ITA"]
[Date "1996.11.??"]
[Round "?"]
[White "Abuhamdieh, Arafat"]
[Black "Narain, Ram Deva"]
[Result "0-1"]
[WhiteElo "1420"]
[BlackElo "1539"]
[PlyCount "116"]
[EventDate "1996.11.17"]

1. e4 g6 2. Nf3 Bg7 3. c3 d6 4. Bc4 Nf6 5. Qc2 c5 6. O-O O-O 7. d4 Qc7 8. d5 a6
9. a4 b6 10. Bg5 Nbd7 11. Re1 Rb8 12. Qe2 Re8 13. Bxa6 Bxa6 14. Qxa6 Ra8 15.
Qe2 Ra7 16. Nbd2 h6 17. Bh4 Nh7 18. Qe3 Ndf8 19. Nc4 Rea8 20. e5 Rxa4 21. exd6
exd6 22. Rxa4 Rxa4 23. Na3 Qd7 24. Qd3 g5 25. Bg3 f5 26. h3 f4 27. Bh2 Nf6 28.
Nc4 Qc7 29. g3 Nh5 30. Nfd2 Ra8 31. Qf5 Qd7 32. Qxd7 Nxd7 33. Nxd6 Ne5 34. Nf5
Nd3 35. Nxg7 Nxg7 36. Rb1 Nf5 37. Kg2 fxg3 38. fxg3 Ne3+ 39. Kf3 Re8 40. c4 Nf5
41. Ne4 Rf8 42. Ke2 Ne5 43. b3 Nd4+ 44. Ke3 Rf3+ 45. Kd2 Rd3+ 46. Kc1 Ndf3 47.
Rb2 Kf7 48. g4 Nxh2 49. Rxh2 Rxb3 50. Kc2 Rf3 51. Nd6+ Kf8 52. Nf5 Nxc4 53.
Nxh6 Ne3+ 54. Kd2 Nxd5 55. Nf5 c4 56. Nd6 c3+ 57. Kc2 Ne3+ 58. Kc1 Rf1# 0-1

[Event "Weekend Vitinia"]
[Site "Roma ITA"]
[Date "1996.11.??"]
[Round "?"]
[White "Albore, Daniele"]
[Black "Casella, Carlo"]
[Result "0-1"]
[WhiteElo "1579"]
[BlackElo "1516"]
[PlyCount "157"]
[EventDate "1996.11.17"]

1. e4 c6 2. d4 d5 3. e5 Bf5 4. h4 h6 5. g4 Bd7 6. h5 e6 7. f4 c5 8. c3 Nc6 9.
Nf3 Qb6 10. Kf2 O-O-O 11. Kg3 Be7 12. Na3 Kb8 13. Nc2 f6 14. Nh4 Be8 15. Ng6
Bxg6 16. hxg6 fxe5 17. fxe5 Rf8 18. Be2 cxd4 19. Nxd4 Nxd4 20. cxd4 Bd8 21. a3
Qc7 22. Bf4 Qd7 23. Qd3 Qe8 24. Qc2 Bb6 25. Be3 Qd7 26. Rac1 Ne7 27. Rhf1 Rc8
28. Qb1 Rxc1 29. Rxc1 Rf8 30. Rf1 Qe8 31. Rxf8 Qxf8 32. Qf1 Qxf1 33. Bxf1 Nxg6
34. Kf3 Ne7 35. Bh3 g5 36. Ke2 Kc7 37. Kd2 Nc6 38. Kc3 Kd7 39. Kd3 Ke7 40. Bg2
Kf7 41. Bf3 Kg6 42. b4 a6 43. Be2 Ba7 44. Bf3 b5 45. Be2 Bb6 46. Bf3 a5 47.
bxa5 Nxa5 48. Bd2 Nc4 49. Bc1 Bd8 50. Kc3 Be7 51. Kb3 Kf7 52. Be2 Ke8 53. Bd3
Kd7 54. Bg6 Na5+ 55. Kc3 Nc6 56. Bb2 Bd8 57. Kd3 Ba5 58. Bf7 Ke7 59. Bh5 Kf8
60. Bg6 Nd8 61. Ke3 b4 62. axb4 Bxb4 63. Bh5 Nf7 64. Bg6 Kg7 65. Bd3 Ba5 66.
Be2 Bb6 67. Bd1 Nxe5 68. Kd2 Nc4+ 69. Kc3 Nxb2 70. Kxb2 Bxd4+ 71. Kc2 e5 72.
Kd3 Kf6 73. Be2 Ba7 74. Kd2 e4 75. Bd1 Ke5 76. Be2 Kf4 77. Kc3 d4+ 78. Kc4 d3
79. Bd1 0-1

[Event "Weekend Vitinia"]
[Site "Roma ITA"]
[Date "1996.11.??"]
[Round "?"]
[White "Arca', Luciano"]
[Black "D'Andrea, Stefano"]
[Result "1/2-1/2"]
[WhiteElo "1483"]
[BlackElo "1609"]
[PlyCount "68"]
[EventDate "1996.11.17"]

1. e4 d6 2. Nf3 Nf6 3. d3 g6 4. Bg5 Bg7 5. Qd2 Nxe4 6. dxe4 Bxb2 7. c3 Bxa1 8.
Qc1 f6 9. Be3 Be6 10. a3 c5 11. Nbd2 Bxc3 12. Qxc3 Rg8 13. Bb5+ Nc6 14. O-O Qd7
15. Rd1 a6 16. Ba4 b5 17. Bb3 Kf7 18. Nf1 Bxb3 19. Qxb3+ Qe6 20. Qc2 a5 21. Rd5
b4 22. a4 b3 23. Qb1 Nb4 24. Rd1 Nc2 25. Rc1 Rab8 26. N1d2 Qd7 27. Nxb3 Qxa4
28. Qxc2 Qxb3 29. Qe2 a4 30. Nd2 Qa2 31. Qd1 a3 32. Ra1 Qb2 33. Rb1 Qc3 34. Ra1
Qb2 1/2-1/2

[Event "Weekend Vitinia"]
[Site "Roma ITA"]
[Date "1996.11.??"]
[Round "?"]
[White "Arca', Luciano"]
[Black "Fantazzini, Massimiliano"]
[Result "0-1"]
[WhiteElo "1483"]
[BlackElo "1753"]
[PlyCount "54"]
[EventDate "1996.11.17"]

1. e4 Nc6 2. Nf3 e5 3. d4 exd4 4. Bc4 Nf6 5. O-O d6 6. Nxd4 Be7 7. Re1 O-O 8.
c3 Ne5 9. Bb3 c6 10. Nd2 Qc7 11. Nc4 Ng6 12. Qd3 b5 13. Nd2 Re8 14. Qg3 Bf8 15.
Bc2 Nh5 16. Qf3 Nf6 17. Qg3 a6 18. N2b3 c5 19. Nf3 Bb7 20. Nfd2 Nh5 21. Qf3 Re5
22. Qd1 Nhf4 23. Nf3 Rh5 24. Bxf4 Nxf4 25. a4 Qd7 26. Kf1 Qg4 27. g3 Qh3+ 0-1

[Event "Weekend Vitinia"]
[Site "Roma ITA"]
[Date "1996.11.??"]
[Round "?"]
[White "Arca', Luciano"]
[Black "Fucito, Giovanni"]
[Result "0-1"]
[WhiteElo "1483"]
[BlackElo "1653"]
[PlyCount "76"]
[EventDate "1996.11.17"]

1. e4 d5 2. exd5 Nf6 3. Bc4 Nxd5 4. Bxd5 Qxd5 5. Nc3 Qxg2 6. Qf3 Qxf3 7. Nxf3
b6 8. Rg1 Bb7 9. Nd4 Nc6 10. Nf5 g6 11. Ne3 Ne5 12. Rg3 O-O-O 13. Kd1 Bg7 14.
a4 Nc6 15. Ra3 Nd4 16. a5 f5 17. f4 e5 18. Nc4 Bf3+ 19. Rxf3 Nxf3 20. axb6 axb6
21. fxe5 Nxe5 22. Nxe5 Bxe5 23. h3 Kb7 24. d3 Ra8 25. Rxa8 Rxa8 26. Ne2 Rf8 27.
d4 Bd6 28. Ke1 Bb4+ 29. c3 Bd6 30. b4 b5 31. Bf4 Re8 32. Bxd6 cxd6 33. Kf2 Kc6
34. Nf4 Re4 35. d5+ Kd7 36. Nd3 Rc4 37. Ke3 Rxc3 38. h4 Rc4 0-1

[Event "Weekend Vitinia"]
[Site "Roma ITA"]
[Date "1996.11.??"]
[Round "?"]
[White "Arca', Luciano"]
[Black "Vanzan, Alessandro"]
[Result "1/2-1/2"]
[WhiteElo "1483"]
[BlackElo "1507"]
[PlyCount "151"]
[EventDate "1996.11.17"]

1. e4 d6 2. Nf3 Nf6 3. Nc3 c5 4. Bc4 g6 5. O-O Bg7 6. Re1 O-O 7. h3 Nc6 8. a3
a6 9. d3 Qc7 10. Bg5 Nd8 11. Bxf6 Bxf6 12. Nd5 Qc6 13. Nxf6+ exf6 14. Qd2 Kg7
15. Qc3 Be6 16. Nh2 Bxc4 17. Qxc4 Ne6 18. Qc3 Nd4 19. Ng4 h5 20. Ne3 Rfe8 21.
Nd5 Re6 22. Re3 Nb5 23. Qd2 Nc7 24. Nf4 Re5 25. h4 d5 26. Rae1 d4 27. Rg3 Qb6
28. Qc1 Rae8 29. b3 Qa5 30. Kf1 Kh7 31. Nh3 Nd5 32. Kg1 Qd8 33. f4 R5e7 34. Rf1
Nc3 35. Re1 Qc7 36. Qd2 b5 37. Qf2 Nd5 38. Qf3 Ne3 39. Rc1 Ng4 40. Nf2 f5 41.
e5 f6 42. Nxg4 hxg4 43. Qf2 fxe5 44. Rf1 exf4 45. Qxf4 Qxf4 46. Rxf4 Re2 47.
Rf2 R2e3 48. Kh2 Kh6 49. Rxe3 Rxe3 50. g3 Kh5 51. Kg2 Re5 52. Kf1 Re3 53. Kg2
Re5 54. Rf4 g5 55. hxg5 Kxg5 56. Kf1 Re3 57. Kf2 a5 58. Kg2 Re2+ 59. Rf2 Rxf2+
60. Kxf2 f4 61. Kg2 f3+ 62. Kf2 Kf5 63. Kf1 Ke5 64. Kf2 Kd5 65. Ke1 c4 66. Kd2
cxb3 67. cxb3 Kc5 68. Ke1 Kd5 69. Kf2 Kc5 70. Ke1 Kd5 71. Kd2 Kc5 72. Ke1 Kd5
73. b4 Kc6 74. Kf2 Kd5 75. Ke1 a4 76. Kd2 1/2-1/2

[Event "Weekend Vitinia"]
[Site "Roma ITA"]
[Date "1996.11.??"]
[Round "?"]
[White "Attanasi, Salvatore"]
[Black "Del Castello, Lucio"]
[Result "1/2-1/2"]
[WhiteElo "1705"]
[BlackElo "1594"]
[PlyCount "110"]
[EventDate "1996.11.17"]

1. e4 e5 2. Nf3 Nc6 3. Bb5 a6 4. Ba4 Nf6 5. O-O Nxe4 6. d4 b5 7. Bb3 d5 8. dxe5
Be6 9. c3 Na5 10. Bc2 Bc5 11. Nbd2 Bf5 12. Nb3 Nxb3 13. axb3 O-O 14. Nd4 Bg6
15. Be3 Bxd4 16. cxd4 Qe7 17. f4 f6 18. Qe1 Rfc8 19. b4 Re8 20. Bxe4 dxe4 21.
Qc3 Bf7 22. b3 c6 23. Ra3 Bd5 24. Rfa1 Qb7 25. Qc5 Ra7 26. Bf2 Rea8 27. Bh4 Qf7
28. Qc3 Qg6 29. Qg3 Qxg3 30. Bxg3 Kf7 31. Bh4 Ke6 32. h3 h5 33. Kf1 Kf7 34. Ke2
Ke6 35. Kd1 e3 36. R1a2 Kf7 37. Be1 Rd7 38. Bc3 Ke6 39. h4 Be4 40. Ke2 Bxg2 41.
Kxe3 Bd5 42. Rxa6 Rxa6 43. Rxa6 Rc7 44. Ra3 Rd7 45. Kd2 Kf7 46. Bb2 fxe5 47.
fxe5 Re7 48. Kc3 Re6 49. Ra1 Rg6 50. Ra7+ Ke6 51. Ra8 Rg3+ 52. Kd2 Rxb3 53. Bc3
Rb1 54. Ra1 Rxa1 55. Bxa1 Kd7 1/2-1/2

[Event "Weekend Vitinia"]
[Site "Roma ITA"]
[Date "1996.11.??"]
[Round "?"]
[White "Attanasi, Salvatore"]
[Black "Fucito, Giovanni"]
[Result "1-0"]
[WhiteElo "1705"]
[BlackElo "1653"]
[PlyCount "140"]
[EventDate "1996.11.17"]

1. e4 d5 2. exd5 Nf6 3. d4 Nxd5 4. Nf3 Bg4 5. Be2 Nc6 6. c3 e6 7. O-O Bd6 8.
Nbd2 O-O 9. Ne4 Be7 10. h3 Bf5 11. Ng3 Bg6 12. Bd3 Bxd3 13. Qxd3 Nf6 14. Bf4
Qd7 15. Rfe1 Rad8 16. Qe2 Nd5 17. Bg5 Nf6 18. Rad1 h6 19. Bc1 Bd6 20. Ne5 Qe8
21. f4 Be7 22. Qf3 Nxe5 23. fxe5 Nd5 24. Nh5 f6 25. Qg4 Qf7 26. exf6 Nxf6 27.
Nxf6+ Qxf6 28. Qxe6+ Rf7 29. Qxf6 Bxf6 30. Rf1 Rdf8 31. Rf3 Re7 32. Rdf1 Kh7
33. Bf4 Rfe8 34. Bg3 c6 35. R3f2 Bg5 36. Bf4 Bf6 37. g4 Bh4 38. Rg2 Re2 39. Be5
Re3 40. Kh2 Kg8 41. Bf4 R3e6 42. Be5 R6e7 43. Re2 Bf6 44. Rfe1 Bh4 45. Rf1 Bf6
46. Rf5 Re6 47. Ref2 Bxe5+ 48. dxe5 Rxe5 49. Rf7 R8e7 50. Rxe7 Rxe7 51. Kg3
Re3+ 52. Kg2 g5 53. Rf3 Re2+ 54. Rf2 Re3 55. Rd2 Re7 56. Kf3 Kf7 57. Rd4 Kf6
58. Rd6+ Kg7 59. c4 c5 60. Rd8 b6 61. Rd3 Kg6 62. a3 Kg7 63. b4 cxb4 64. axb4
Rc7 65. Rd4 Kf6 66. Ke3 Ke6 67. Kd3 Ke5 68. Rd5+ Ke6 69. Kd4 Rd7 70. Rxd7 Kxd7
1-0

[Event "Weekend Vitinia"]
[Site "Roma ITA"]
[Date "1996.11.??"]
[Round "?"]
[White "Attanasi, Salvatore"]
[Black "Narain, Ram Deva"]
[Result "1/2-1/2"]
[WhiteElo "1705"]
[BlackElo "1539"]
[PlyCount "86"]
[EventDate "1996.11.17"]

1. e4 g6 2. d4 Bg7 3. Nc3 d6 4. Bc4 Nf6 5. Bg5 c6 6. Qd2 Qa5 7. O-O-O b5 8. e5
bxc4 9. exf6 exf6 10. Bf4 d5 11. Re1+ Be6 12. Bd6 Bf8 13. Qf4 Bxd6 14. Qxd6 Qd8
15. Qxd8+ Kxd8 16. Nge2 g5 17. Ng3 Nd7 18. Re2 Kc7 19. Rhe1 h5 20. Re3 h4 21.
Nge2 f5 22. f4 g4 23. Ng1 Nf6 24. Na4 Ne4 25. Ne2 Kd6 26. Nec3 Rab8 27. Nxe4+
fxe4 28. Nc5 f5 29. Ra3 Rh7 30. Ree3 Rb6 31. Ra5 Bc8 32. Rea3 a6 33. Na4 Rb5
34. Nc5 Re7 35. Rxb5 axb5 36. Ra8 Bd7 37. Rh8 h3 38. gxh3 gxh3 39. Rxh3 Rg7 40.
Rg3 Rg4 41. Rxg4 fxg4 42. Kd2 Bf5 43. Ke3 Ke7 1/2-1/2

[Event "Weekend Vitinia"]
[Site "Roma ITA"]
[Date "1996.11.??"]
[Round "?"]
[White "Attanasi, Salvatore"]
[Black "Papetti, Francesco"]
[Result "1/2-1/2"]
[WhiteElo "1705"]
[BlackElo "1816"]
[PlyCount "21"]
[EventDate "1996.11.17"]

1. e4 d6 2. d4 Nf6 3. Nc3 g6 4. Nf3 Bg7 5. Bg5 O-O 6. Qd2 Nbd7 7. Bh6 c5 8.
Bxg7 Kxg7 9. dxc5 dxc5 10. O-O-O b6 11. Bb5 1/2-1/2

[Event "Weekend Vitinia"]
[Site "Roma ITA"]
[Date "1996.11.??"]
[Round "?"]
[White "Brandi, Flaviano"]
[Black "De Carolis, Maurizio"]
[Result "0-1"]
[WhiteElo "1713"]
[BlackElo "1570"]
[PlyCount "68"]
[EventDate "1996.11.17"]

1. e4 d6 2. d4 Nf6 3. Nc3 c6 4. f4 Qa5 5. Bd3 e5 6. Nf3 Bg4 7. dxe5 dxe5 8.
fxe5 Bxf3 9. Qxf3 Qxe5 10. Bf4 Qa5 11. Bxb8 Rxb8 12. O-O-O Bd6 13. Rhf1 O-O 14.
Qh3 Be5 15. g4 Bxc3 16. e5 Bxb2+ 17. Kxb2 Qxe5+ 18. Kb1 g6 19. Qf3 Nd5 20. Bc4
Rbd8 21. Rde1 Qd4 22. Bb3 a5 23. h3 a4 24. Bxd5 Rxd5 25. c3 Qb6+ 26. Kc2 a3 27.
Rb1 Rb5 28. Rxb5 Qxb5 29. Rb1 Qa6 30. Qe3 Rd8 31. Rb4 Qf1 32. Rd4 Qg2+ 33. Kb3
Qb2+ 34. Kc4 Qb5# 0-1

[Event "Weekend Vitinia"]
[Site "Roma ITA"]
[Date "1996.11.??"]
[Round "?"]
[White "Brandi, Flaviano"]
[Black "Fantazzini, Massimiliano"]
[Result "1/2-1/2"]
[WhiteElo "1713"]
[BlackElo "1753"]
[PlyCount "105"]
[EventDate "1996.11.17"]

1. e4 b6 2. d4 Bb7 3. Nc3 e6 4. Nf3 c5 5. Be3 Nf6 6. d5 exd5 7. exd5 d6 8. Bb5+
Nfd7 9. Bg5 Be7 10. Qe2 a6 11. Bxd7+ Kxd7 12. Qxe7+ Qxe7+ 13. Bxe7 Kxe7 14.
O-O-O Rd8 15. Rhe1+ Kf8 16. Ne4 g6 17. h4 h5 18. c4 Bc8 19. Nfg5 Kg7 20. Rd2 b5
21. b3 Ra7 22. f3 Rb7 23. cxb5 axb5 24. Rde2 Bf5 25. Ng3 Bd3 26. Re7 Rxe7 27.
Rxe7 Rd7 28. Re3 c4 29. Nh3 Ra7 30. Kb2 b4 31. Nf4 c3+ 32. Kc1 Bb5 33. Kb1 Rc7
34. Nge2 Bxe2 35. Rxe2 Kf6 36. Re4 Na6 37. Nd3 Rb7 38. Rf4+ Ke7 39. g4 Rb5 40.
gxh5 gxh5 41. Rf5 Nc7 42. Rxh5 Rxd5 43. Rxd5 Nxd5 44. Nxb4 Nxb4 45. a3 Nd3 46.
h5 Ne1 47. f4 d5 48. a4 c2+ 49. Kc1 Nd3+ 50. Kxc2 Nxf4 51. h6 Kf6 52. a5 Ne6
53. a6 1/2-1/2

[Event "Weekend Vitinia"]
[Site "Roma ITA"]
[Date "1996.11.??"]
[Round "?"]
[White "Brandi, Flaviano"]
[Black "Lepri, Livio"]
[Result "1/2-1/2"]
[WhiteElo "1713"]
[BlackElo "1999"]
[PlyCount "102"]
[EventDate "1996.11.17"]

1. e4 Nf6 2. Nc3 d5 3. exd5 Nxd5 4. Bc4 c6 5. Qf3 e6 6. Nge2 Nd7 7. d4 N7f6 8.
O-O Be7 9. Bg5 Nxc3 10. bxc3 O-O 11. Rab1 Nd5 12. Bxe7 Qxe7 13. Rfe1 b6 14. Nf4
Nxf4 15. Qxf4 Bb7 16. Bb3 Rad8 17. Rbd1 Qd6 18. Qe4 Rd7 19. c4 Rfd8 20. c3 g6
21. Qg4 Qe7 22. Re3 Rd6 23. Rh3 c5 24. Rhd3 Ba6 25. Qf4 Kg7 26. Rh3 h5 27. d5
Qf6 28. Qe3 Qe7 29. Qe4 Qg5 30. Rg3 Qf6 31. Rf3 Qg5 32. h4 Qh6 33. Qe5+ Kg8 34.
Qf6 Qg7 35. Qg5 Bb7 36. Re1 exd5 37. Re7 R8d7 38. Rxd7 Rxd7 39. cxd5 b5 40. c4
bxc4 41. Bxc4 Qd4 42. Re3 Bxd5 43. Bb5 Rb7 44. Qd8+ Kg7 45. Rd3 Qe4 46. Rxd5
Rxb5 47. Qg5 Rb1+ 48. Kh2 c4 49. Re5 Qd4 50. Qg3 c3 51. Re2 Rb2 1/2-1/2

[Event "Weekend Vitinia"]
[Site "Roma ITA"]
[Date "1996.11.??"]
[Round "?"]
[White "Brandi, Flaviano"]
[Black "Simeone, Giulio"]
[Result "0-1"]
[WhiteElo "1713"]
[BlackElo "1714"]
[PlyCount "48"]
[EventDate "1996.11.17"]

1. e4 c6 2. d4 d5 3. exd5 cxd5 4. Bd3 Nc6 5. c3 Nf6 6. Bf4 g6 7. Nd2 Bg7 8.
Ngf3 O-O 9. h3 Bf5 10. Bxf5 gxf5 11. Qc2 Ne4 12. g4 Qd7 13. O-O-O Nxf2 14. gxf5
Nb4 15. Ne5 Bxe5 16. dxe5 Nxc2 17. Rhg1+ Kh8 18. Bh6 Rg8 19. f6 Nxd1 20. Bg7+
Rxg7 21. Rxg7 exf6 22. exf6 Nde3 23. Nf3 Qxh3 24. Ng5 Qf1+ 0-1

[Event "Weekend Vitinia"]
[Site "Roma ITA"]
[Date "1996.11.??"]
[Round "?"]
[White "Buffoni, Luca"]
[Black "Arca', Luciano"]
[Result "1-0"]
[WhiteElo "1699"]
[BlackElo "1483"]
[PlyCount "95"]
[EventDate "1996.11.17"]

1. e4 c6 2. d4 d5 3. exd5 cxd5 4. Bd3 Nc6 5. c3 Qb6 6. Qb3 Qxb3 7. axb3 e6 8.
Bf4 Nf6 9. Nf3 Be7 10. Nbd2 O-O 11. O-O Nh5 12. Bc7 Bd8 13. Bd6 Re8 14. Bb5 Be7
15. Bc7 Bd8 16. Bd6 Be7 17. Ba3 a6 18. Bxc6 bxc6 19. Bxe7 Rxe7 20. Ne5 Rc7 21.
b4 Nf6 22. f3 Nd7 23. Nxd7 Rxd7 24. Nb3 Rc7 25. Nc5 h6 26. f4 g6 27. Ra5 Rca7
28. Rfa1 Kg7 29. Kf2 Kf6 30. Ke3 h5 31. b3 Ke7 32. c4 Kd6 33. b5 Kc7 34. bxa6
Kb6 35. Nd3 Rxa6 36. c5+ Kc7 37. Rxa6 Rxa6 38. Rxa6 Bxa6 39. Ne5 Bf1 40. Kf2
Ba6 41. Nxf7 Bd3 42. Ne5 Bf5 43. Kg3 Kb7 44. Kh4 Bc2 45. b4 Ka6 46. Nxc6 Kb5
47. Ne5 Kxb4 48. c6 1-0

[Event "Weekend Vitinia"]
[Site "Roma ITA"]
[Date "1996.11.??"]
[Round "?"]
[White "Buffoni, Luca"]
[Black "Casella, Carlo"]
[Result "1-0"]
[WhiteElo "1699"]
[BlackElo "1516"]
[PlyCount "63"]
[EventDate "1996.11.17"]

1. e4 c6 2. d4 d5 3. exd5 cxd5 4. Bd3 Nf6 5. c3 Nc6 6. Bf4 e6 7. Nf3 Be7 8.
Nbd2 h6 9. O-O g5 10. Bg3 Rg8 11. Ne5 h5 12. f4 g4 13. Qc2 Qb6 14. f5 Nxd4 15.
cxd4 Qxd4+ 16. Kh1 h4 17. Nb3 Qb6 18. fxe6 Bxe6 19. Bxh4 Nd7 20. Nxd7 Kxd7 21.
Bxe7 Kxe7 22. Qc5+ Qd6 23. Rae1 Rg7 24. Bf5 b6 25. Qxd6+ Kxd6 26. Nd4 Bd7 27.
Bxd7 Kxd7 28. Rf6 Rh8 29. g3 Rgh7 30. Re2 Rg7 31. Nf5 Rgh7 32. Ne3 1-0

[Event "Weekend Vitinia"]
[Site "Roma ITA"]
[Date "1996.11.??"]
[Round "?"]
[White "Buffoni, Luca"]
[Black "De Carolis, Maurizio"]
[Result "1-0"]
[WhiteElo "1699"]
[BlackElo "1570"]
[PlyCount "63"]
[EventDate "1996.11.17"]

1. e4 d6 2. d4 Nf6 3. Bd3 c6 4. Nf3 Qa5+ 5. c3 Bg4 6. h3 Bh5 7. O-O Nbd7 8. b4
Qc7 9. Bf4 e5 10. Bh2 Be7 11. Nbd2 O-O 12. Nc4 Nxe4 13. Bxe4 d5 14. Bxh7+ Kxh7
15. Ncxe5 Bd6 16. Ng5+ Kh6 17. Qd2 Qb8 18. Ngxf7+ Kh7 19. Nxd6 Qxd6 20. Qg5 Be8
21. Rae1 Nf6 22. Ng6 Qxh2+ 23. Kxh2 Bxg6 24. f3 a5 25. a3 axb4 26. axb4 Ra2 27.
Re7 Nh5 28. Rxb7 Nf4 29. Qe7 Rxg2+ 30. Kh1 Bf5 31. Qxf8 Rg5 32. Rxg7+ 1-0

[Event "Weekend Vitinia"]
[Site "Roma ITA"]
[Date "1996.11.??"]
[Round "?"]
[White "Buffoni, Luca"]
[Black "Laudati, Adriano"]
[Result "1/2-1/2"]
[WhiteElo "1699"]
[BlackElo "1852"]
[PlyCount "28"]
[EventDate "1996.11.17"]

1. e4 e6 2. d4 d5 3. exd5 exd5 4. Bd3 Bd6 5. Ne2 Nc6 6. c3 Nge7 7. Bf4 Bg4 8.
Bxd6 Qxd6 9. Na3 Bh5 10. O-O O-O 11. Qd2 Bg6 12. Rae1 Bxd3 13. Qxd3 Rae8 14.
Qg3 Qxg3 1/2-1/2

[Event "Weekend Vitinia"]
[Site "Roma ITA"]
[Date "1996.11.??"]
[Round "?"]
[White "Casella, Carlo"]
[Black "Gardon, Ermanno"]
[Result "0-1"]
[WhiteElo "1516"]
[BlackElo "1683"]
[PlyCount "90"]
[EventDate "1996.11.17"]

1. b3 d5 2. Bb2 Bf5 3. e3 e6 4. d4 Nf6 5. Nf3 Nbd7 6. Be2 Be7 7. O-O O-O 8. c4
c6 9. Nc3 Ne4 10. Nxe4 Bxe4 11. Nd2 Bg6 12. Re1 f5 13. g3 Nf6 14. f3 Bd6 15.
Bf1 Bh5 16. Bg2 Qe8 17. Qc2 Qg6 18. Nf1 Qg5 19. Rac1 Rac8 20. Qf2 Nd7 21. Rc2
Bg6 22. f4 Qe7 23. Rec1 Bh5 24. cxd5 exd5 25. Bxd5+ Kh8 26. Bg2 Nf6 27. Qe1 Bf7
28. Nd2 Rfe8 29. Nf1 Nd5 30. e4 fxe4 31. Ne3 Nb4 32. Nf5 Qd7 33. Nxd6 Qxd6 34.
Re2 Nd3 35. Qd2 Nxc1 36. Qxc1 Bd5 37. Qe1 Rc7 38. Re3 c5 39. dxc5 Qxc5 40. Kf1
Bc6 41. Kg1 Rd7 42. Qc3 Qxc3 43. Bxc3 Rd3 44. Kf2 Rxc3 45. Rxc3 e3+ 0-1

[Event "Weekend Vitinia"]
[Site "Roma ITA"]
[Date "1996.11.??"]
[Round "?"]
[White "Casella, Carlo"]
[Black "Narain, Ram Deva"]
[Result "0-1"]
[WhiteElo "1516"]
[BlackElo "1539"]
[PlyCount "118"]
[EventDate "1996.11.17"]

1. b3 e5 2. Bb2 Nc6 3. e3 d5 4. Bb5 Bd6 5. c4 Nge7 6. cxd5 Nxd5 7. Bxc6+ bxc6
8. Nc3 O-O 9. h3 Nb4 10. d4 exd4 11. exd4 Bf5 12. Rc1 Nd3+ 13. Kf1 Nxb2 14. Qd2
Nd3 15. Rd1 Nb4 16. Nge2 Re8 17. Kg1 h6 18. Ng3 Bg6 19. h4 Bxg3 20. fxg3 Bh5
21. Rf1 Qd6 22. Kh2 Rad8 23. Rf4 Nd5 24. Re4 Nxc3 25. Rxe8+ Rxe8 26. Qxc3 Rd8
27. Re1 f6 28. Rc1 Be8 29. Re1 Bf7 30. Rc1 Bd5 31. Re1 Qa3 32. Re2 a5 33. Qe3
Rf8 34. Qf4 a4 35. bxa4 Qxa4 36. Qxc7 Qc4 37. Re7 Bf7 38. Qa7 Qxa2 39. Qd7 Qd5
40. Qa7 f5 41. Rd7 Qc4 42. Qc7 Qe6 43. Re7 Qc8 44. Qa7 f4 45. Rc7 Qg4 46. Qa3
fxg3+ 47. Qxg3 Qxg3+ 48. Kxg3 Bd5 49. Re7 Rf1 50. Ra7 Rd1 51. Ra4 Rd2 52. Rb4
Rxg2+ 53. Kh3 Rd2 54. Kg3 Kf7 55. Kf4 Kf6 56. Kg3 Rd3+ 57. Kh2 h5 58. Ra4 g6
59. Rb4 Kf5 0-1

[Event "Weekend Vitinia"]
[Site "Roma ITA"]
[Date "1996.11.??"]
[Round "?"]
[White "Ciotoli, Patrizio"]
[Black "De Blasio, Alessandro"]
[Result "1-0"]
[WhiteElo "1956"]
[BlackElo "1609"]
[PlyCount "107"]
[EventDate "1996.11.17"]

1. e4 c5 2. Nc3 Nc6 3. f4 d6 4. Nf3 e6 5. Bb5 Bd7 6. O-O Nge7 7. d3 a6 8. Bxc6
Bxc6 9. Qe1 g6 10. f5 gxf5 11. Bg5 Qd7 12. Bxe7 Qxe7 13. exf5 O-O-O 14. fxe6
fxe6 15. Ne4 Rg8 16. Qe2 Bh6 17. Rae1 Rdf8 18. Ng3 Rf6 19. Rf2 Qf7 20. Ne4 Bxe4
21. Qxe4 Qg6 22. Qxg6 Rfxg6 23. g3 Rf8 24. Nh4 Rxf2 25. Kxf2 Rf6+ 26. Nf3 Kd7
27. Re4 Bc1 28. b4 Bb2 29. Ke2 Bc1 30. Rg4 Ke7 31. bxc5 dxc5 32. Ne5 Bb2 33.
Nc4 Bd4 34. Ne3 Bxe3 35. Kxe3 Rf7 36. a4 Kd6 37. h4 Ke7 38. a5 Kd6 39. c4 b6
40. axb6 a5 41. Rg8 Kc6 42. Re8 a4 43. Ra8 Kxb6 44. Rxa4 Rg7 45. Kf3 Rf7+ 46.
Kg2 Rd7 47. Ra3 Kc6 48. g4 Kd6 49. Ra5 Rb7 50. Kf3 Rf7+ 51. Ke4 Rg7 52. Ra6+
Ke7 53. Ra7+ Kf6 54. g5+ 1-0

[Event "Weekend Vitinia"]
[Site "Roma ITA"]
[Date "1996.11.??"]
[Round "?"]
[White "Ciotoli, Patrizio"]
[Black "Tosoni, Augusto"]
[Result "0-1"]
[WhiteElo "1956"]
[BlackElo "2056"]
[PlyCount "78"]
[EventDate "1996.11.17"]

1. e4 c5 2. Nc3 e6 3. f4 g6 4. Nf3 Bg7 5. e5 d6 6. Bc4 Kf8 7. O-O a6 8. Be2 Nc6
9. exd6 Qxd6 10. Ne4 Qe7 11. d3 Nf6 12. Ne5 Nxe5 13. Nxf6 Bxf6 14. fxe5 Bxe5
15. Qe1 h5 16. Qf2 b6 17. c3 Bb7 18. Bg5 Qc7 19. Qh4 f5 20. d4 Bd6 21. Rae1
cxd4 22. Bf6 Be7 23. Qxd4 Bc5 24. Bxh8 Kf7 25. Kh1 Bxd4 26. Bxd4 Re8 27. Bd1 e5
28. Bb3+ Kf6 29. Rxe5 Rxe5 30. Re1 Qc6 31. Bxe5+ Kg5 32. Re2 h4 33. h3 Qd7 34.
Bd4 f4 35. Re5+ Kh6 36. Be6 Qa4 37. Bb3 Qc6 38. Bd5 Qc7 39. Re8 Bxd5 0-1

[Event "Weekend Vitinia"]
[Site "Roma ITA"]
[Date "1996.11.??"]
[Round "?"]
[White "Colantonio, Marco"]
[Black "Colombrini, Adolfo"]
[Result "1-0"]
[WhiteElo "1573"]
[BlackElo "1659"]
[PlyCount "121"]
[EventDate "1996.11.17"]

1. e4 c5 2. c3 e6 3. d4 d5 4. exd5 exd5 5. Bd3 cxd4 6. cxd4 Nc6 7. Nf3 Nf6 8.
O-O Be7 9. Nc3 O-O 10. a3 Re8 11. Qc2 h6 12. h3 Be6 13. Be3 Rc8 14. Qd2 Bf8 15.
Rac1 Qd7 16. Ne5 Nxe5 17. dxe5 Ne4 18. Bxe4 dxe4 19. Qxd7 Bxd7 20. Bxa7 Rxe5
21. Rfe1 Rce8 22. Bd4 R5e6 23. Re3 f5 24. Rce1 Bc6 25. f3 f4 26. Rxe4 Bxe4 27.
Nxe4 Kf7 28. Rc1 Rc6 29. Bc3 g5 30. Rd1 b6 31. Kh2 Kg6 32. h4 gxh4 33. Kh3 Be7
34. Kg4 Bg5 35. Nxg5 hxg5 36. Rd5 Rc5 37. Rd6+ Kf7 38. Rxb6 Re2 39. Kh3 Rd5 40.
a4 Rd1 41. a5 Rh1+ 42. Kg4 Rxg2+ 43. Kf5 Rd1 44. Rb7+ Ke8 45. a6 Rd8 46. a7 h3
47. Rh7 h2 48. Ke6 Re2+ 49. Be5 Rxe5+ 50. Kxe5 Ra8 51. Rxh2 Kd7 52. Kd5 Ke7 53.
b4 Kf6 54. Rh6+ Kf5 55. Ra6 g4 56. fxg4+ Kxg4 57. b5 f3 58. b6 f2 59. Ra1 Kg3
60. b7 Rd8+ 61. Kc6 1-0